000 01072nam a22003617a 4500
001 BR0602172
003 BR-BrBNA
005 20230928102135.0
007 ta
008 230509b bl.||||| |||| 00| 0 por d
040 _aBR-BrBNA
_bpor
_cBiblioteca Nacional de Agricultura
041 _a(Por)
072 _aL73; L70
_b5212
_b4150
090 _ 5212 BR0602172
100 1 _aCamargos, M.F.
110 1 _aUniversidade Federal de Minas Gerais, Belo Horizonte (Brasil). Escola de Veterinária
_0Tese (Doutor em Ciência Animal)
245 1 _aVírus da leucemia bovina: epidemiologia molecular e diagnóstico
260 3 _aBelo Horizonte, MG (Brasil):
_c2005.
300 _a95 p.
500 _aSummaries (Eng, Por); Several bibliography; 16 illus.; 28 tables
650 _aBOVINO
650 _aDOENÇA ANIMAL
650 _aDIAGNÓSTICO
650 _aLEUCOSE
650 _aTUMOR
650 _aINFECÇÃO
650 _aVÍRUS
650 _aLEUCEMIA
650 _aGENE
650 _aEPIDEMIOLOGIA
909 _a202309
_bLucia
_c55
_dLucia Elande
942 _cBK
999 _c69332
_d69332